|
|
|
|
| LEADER |
00893cam a2200241 a 4500 |
| 001 |
c000105060 |
| 003 |
CARM |
| 005 |
19890818000000.0 |
| 008 |
810304r19751974enk 000 1 eng d |
| 019 |
1 |
|
|a 1934808
|5 LACONCORD2021
|
| 020 |
|
|
|a 0340185309
|c L.3.50
|
| 035 |
|
|
|a (OCoLC)16287669
|5 LACONCORD2021
|
| 040 |
|
|
|a APLS
|b eng
|c APLS
|d XNTU
|
| 082 |
0 |
4 |
|a 823/.9/1F
|
| 100 |
1 |
|
|a Scortia, Thomas N.,
|d 1926-
|
| 245 |
1 |
4 |
|a The glass inferno /
|c by Thomas N. Scortia and Frank M. Robinson.
|
| 260 |
|
|
|a London [etc.] :
|b Hodder and Stoughton,
|c 1975.
|
| 300 |
|
|
|a x,437p ;
|c 23cm.
|
| 650 |
|
0 |
|a English fiction.
|
| 700 |
1 |
|
|a Robinson, Frank M.
|q (Frank Malcolm)
|
| 852 |
8 |
|
|b CARM
|h A2:AD35A0
|i B03140
|p 0152155
|f BK
|
| 999 |
f |
f |
|i 78680623-a432-5c52-a794-c71f4ccd41b9
|s 8df69bce-da7c-5af3-843a-d2c6a18bb2fc
|
| 952 |
f |
f |
|p Can circulate
|a CAVAL
|b CAVAL
|c CAVAL
|d CARM 1 Store
|e B03140
|f A2:AD35A0
|h Other scheme
|i book
|m 0152155
|